El despertar de la sombra

Guardat en:
Dades bibliogràfiques
Autor principal: Horia, Vintila
Format: Llibre
Idioma:Undetermined
Publicat: Madrid, España Nacional 1967
Matèries:
Etiquetes: Afegir etiqueta
Sense etiquetes, Sigues el primer a etiquetar aquest registre!

MARC

LEADER 00000nam a2200000Ia 4500
008 170316s9999 xx 000 0 und d
040 |a cru BVZT 
090 |a 862 H-10d 
100 |a Horia, Vintila 
245 |a El despertar de la sombra 
260 |a Madrid, España 
260 |b Nacional 
260 |c 1967 
300 |a 298 páginas 
650 |a LITERATURA ESPAÑOLA 
999 |c 9969  |d 9969 
942 |c 15 D  |h 862 H-10d  |2 z